“Don't You Turn Your Back On Me!” (Images) Quiz Stats

Quiz not verified by Sporcle

Challenge
Share
Tweet
Score 0/30 Timer 05:00
0 Plays Today
Person % Correct
Barack Obama
90.9%
Miley Cyrus
87.5%
Elvis Presley
86.7%
Rihanna
86.4%
Lady Gaga
85.8%
Michael Phelps
82.6%
Leonardo DiCaprio
73.5%
Angelina Jolie
72.2%
Megan Fox
70.8%
Kim Kardashian
70.6%
Taylor Lautner
68.4%
David Beckham
68.4%
Taylor Swift
63.6%
Freddie Mercury
63.3%
Jake Gyllenhaal
59.5%
Person % Correct
Jessica Alba
55.1%
Anne Hathaway
54.7%
Sofia Vergara
52.8%
Nikki Minaj
50%
Jennifer Lawrence
45.8%
Larry David
44.7%
Brad Pitt
42.6%
Chris Daughtry
42.4%
Cristiano Ronaldo
38.3%
Kaley Cuoco
20.6%
Kate Upton
20.1%
Billie Joe Armstrong
18%
Kurt Cobain
12.9%
Ray J
6.4%
Evan Rachel Wood
5.9%

You're not logged in!

Compare scores with friends on all Sporcle quizzes.
Sign Up with Email
OR
Log In

You Might Also Like...

Show Comments

Extras

Top Quizzes Today


Score Distribution

Your Account Isn't Verified!

In order to create a playlist on Sporcle, you need to verify the email address you used during registration. Go to your Sporcle Settings to finish the process.